| 000 | 00816cab a2200241 4500 | ||
|---|---|---|---|
| 001 | ABS60012 | ||
| 008 | 090401t1999 xxu||||| |||| 00| 0 eng d | ||
| 035 | _a(Sirsi) u90718 | ||
| 041 | _aeng | ||
| 100 | _aDewar, D. | ||
| 245 | _aIs land sale rule a power too far? | ||
| 260 | _c1999 | ||
| 350 | _a0 | ||
| 490 |
_aPlanning (for the Natural and Built Environment) _v(1300) 8 January 1999, 10(1) |
||
| 520 | _aIn the light of the news that unitary authorities will be able to sell off their own land with planning permission attached, discusses the possibility that such a move could be open to abuse. | ||
| 650 | _aPLANNING PERMISSION | ||
| 650 | _aREGENERATION | ||
| 650 | _aSALE OF LAND | ||
| 650 | _aUNITARY AUTHORITIES | ||
| 690 | _aPLANNING LAW AND PRACTICE | ||
| 942 | _n0 | ||
| 948 | _c14/01/1999 | ||
| 999 |
_c57526 _d57526 |
||